00560nam a2200205Ia 4500001000500000005001700005007000300022008004100025020000700066040002500073041000800098082002200106100002600128245006500154250001400219260004200233300002800275653003500303653001600338969320240113234223.0ta050727s1963 a g b000 u asm u cHB aCotton College,Assam aasm a891.4109bM 277 J aMahanta, Bapchandra . 0aJeevan Aru Sahitya /cBapchandra Mahanta.hTextual Documents a1st ed. / aJorhat :bBapchandra Mahanta ,c1963. a550p. :bill. ;c22cm . aAssamese Litrerature-Criticism aMS-Assamese